Sobre la gènesi de l'Atlàntida de Jacint Verdaguer / Josep Maria de Casacuberta
Descripción Física:
56 p. ; 25'5 cm
MARC
| LEADER | 00000nam a2200000Ia 4500 | ||
|---|---|---|---|
| 001 | 10389 | ||
| 008 | 160829s9999 xx 000 0 cat d | ||
| 080 | |a L-1-284 | ||
| 100 | |a Casacuberta, Josep Maria de |9 20856 | ||
| 245 | |a Sobre la gènesi de l'Atlàntida de Jacint Verdaguer / Josep Maria de Casacuberta | ||
| 260 | |a Barcelona : |b Institut d'Estudis Catalans, [1952?] | ||
| 300 | |a 56 p. ; |c 25'5 cm | ||
| 590 | |a Premi Jacint Verdaguer. Separata de 'Estudis Romànics', III | ||
| 600 | 1 | 0 | |a Verdaguer, Jacint, |d 1845-1902. |t Atlàntida |x Crítica i interpretació |9 55236 |
| 710 | 2 | |a Institut d'Estudis Catalans |9 52284 | |
| 901 | |a Arxiu | ||
| 942 | |n 1 | ||
| 952 | |0 0 |1 0 |4 0 |6 L1284 |7 1 |9 41716 |a Arxiu |b Arxiu |d 2016-12-01 |l 0 |o L-1-284 |p 10389 |r 2016-12-01 00:00:00 |w 2016-12-01 |y ARXIU | ||
| 999 | |c 43606 |d 43606 | ||